Apex Legends Items - Statistics

General Stats
  • This quiz has been taken 170 times
  • The average score is 32 of 48
Answer Stats
Hint Answer % Correct
Assault Rifle R-301
93%
SMG R-99
88%
Assault Rifle VK-47 Flatline
83%
SMG Volt
83%
Shotgun Mastiff
82%
Shotgun EVA-8 Auto
81%
Assault Rifle Havok
81%
Pistol P2020
81%
LMG M600 Spitfire
79%
Shotgun Peacekeeper
79%
Pistol/Shotgun Mozambique
78%
Pistol RE-45 Auto
78%
Pistol Wingman
78%
SMG C.A.R.
77%
Sniper Kraber
77%
Sniper Sentinel
77%
Sniper Longbow
76%
Marksman 30-30 Repeater
75%
SMG Alternator
74%
LMG Devotion
74%
LMG L-Star
74%
Reduces headshot damage Helmet
73%
Marksman G7 Scout
71%
Assault Rifle Hemlock Burst AR
71%
SMG Prowler
71%
LMG Rampage
70%
Extra inventory spots Backpack
68%
Absorbs body damage Body Shield
67%
Marksman Triple Take
67%
Marksman Bocek
65%
blocks damage while downed Knockdown Shield
65%
refills all of health bar MedKit
64%
refills one bar of shield Shield Cell
64%
Sniper Charge Rifle
63%
refills all bars of shield Shield Battery
60%
Grenade Thermite
60%
Grenade Arc Star
59%
refills health Syringe
56%
Grenade Frag
53%
lowers the time to swap weapons Tactical Stock
52%
Extra inventory spots and allows to reviveteammates with half shield and health Gold Backpack
46%
Allows more ammo in a mag Extended Mag
45%
Reduces headshot damage and shortens ability cooldowns Gold Helmet
45%
blocks damage while downed and allows the user to revive themselves Gold Knockdown Shield
44%
lowers ultimate cooldown Ultimate Accellerant
37%
Absorbs body damage and doubles heals Gold Body Shield
36%
Allows more ammon in a mag and reloads automatically after a certain time span Gold Extended Mag
33%
lowers gun recoil Barrel Stabalizer
13%
No matching quizzes found
Score Distribution
Percent of People with Each Score
Percentile by Number Answered
Your Score History
You have not taken this quiz